Panchrang chola pahar sakhi ri / (Record no. 5151)

MARC details
000 -LEADER
fixed length control field 00373nam a2200157Ia 4500
005 - DATE AND TIME OF LATEST TRANSACTION
control field 20240807062007.0
008 - FIXED-LENGTH DATA ELEMENTS--GENERAL INFORMATION
fixed length control field 240806s9999||||xx |||||||||||||| ||eng||
041 ## - LANGUAGE CODE
Language code of text/sound track or separate title eng
082 ## - DEWEY DECIMAL CLASSIFICATION NUMBER
Classification number 891.431
Item number MEER
100 ## - MAIN ENTRY--AUTHOR NAME
Personal name Handa, Madhav
245 #0 - TITLE STATEMENT
Title Panchrang chola pahar sakhi ri /
Statement of responsibility, etc Handa, Madhav
260 ## - PUBLICATION, DISTRIBUTION, ETC. (IMPRINT)
Name of publisher Vani Prakashan
300 ## - PHYSICAL DESCRIPTION
Number of Pages 166p.
650 ## - SUBJECT ADDED ENTRY--TOPICAL TERM
Topical Term Hindi
942 ## - ADDED ENTRY ELEMENTS (KOHA)
Koha item type Books
Holdings
Withdrawn status Lost status Damaged status Not for loan Permanent Location Current Location Shelving location Date acquired Cost, normal purchase price Full call number Accession Number Koha item type
        Central Library, CMP Central Library, CMP General stacks 07/08/2024 200.00 891.431 MEER 80419 Books

Implemented and Maintained by Dr. Punit Kumar Singh

For any Suggestions/Queries, contact the library or email us at: library.cmpdc@gmail.com OR library@cmpcollege.ac.in

Website/OPAC is best viewed in Mozilla Browser at a resolution of 1366x768.